000
00329nam a2200145Ia 4500
008
200615s9999||||xx |||||||||||||| ||und||
020
_a
9788131808146
082
_a
620
_b
STR-R
100
_a
RAJPUT,RK
245
0
_a
STRENGTH OF MATERIALS
250
_a
4TH
260
_a
New Delhi
_b
S.CHAND
_c
2016
300
_a
995
942
_c
BK
999
_c
29745
_d
29745